Togo all time starting xi - Statistics

General Stats
  • This quiz has been taken 5 times
  • The average score is 1 of 11
Answer Stats
Hint Answer % Correct
FW(2000-2019 Emmanuel Adebayor
100%
DF(2012- Dakonam Djené
25%
DF(2005-2016 Abdoul Gafar Mamah
0%
MF(2005-2019 Alaixys Romao
0%
DF(2000-2013 Daré Nibombé
0%
FW(2016- Kodjo Laba
0%
MF(2000-2015 Komlan Amewou
0%
GK(1998-2017 Kossi Agassa
0%
FW(1995-2009 Mohamed Kader
0%
MF(2000-2013 Moustapha Salifou
0%
DF(1998-2008 Yao Mawuko Sènaya
0%
No matching quizzes found
Score Distribution
Percent of People with Each Score
Percentile by Number Answered
Your Score History
You have not taken this quiz